Pozícia rodinného podnikania v SR a v Maďarsku - komparatívna štúdia
Rodinné podnikanie je častý spôsob podnikania vo vyspelých štátoch. Spoločné podnikateľské aktivity osôb, ktoré sú v rodinnom vzťahu. Rozdiely a vlastnosti rodinného podnikania endogénneho a exogénneho charakteru. Zhodnotenie pozície rodinného podnikania na Slovensku a v Maďarsku.
Gespeichert in:
| 1. Verfasser: | |
|---|---|
| Format: | Buchkapitel |
| Sprache: | Slowakisch |
| Schlagworte: | |
| Tags: |
Keine Tags, Fügen Sie das erste Tag hinzu!
|
MARC
| LEADER | 00000naa$a2200000$$$4500 | ||
|---|---|---|---|
| 001 | 0128022 | ||
| 005 | 20221128083630.3 | ||
| 041 | 0 | |a slo | |
| 044 | |a SK | ||
| 245 | 1 | 0 | |a Pozícia rodinného podnikania v SR a v Maďarsku - komparatívna štúdia |c Ladislav Mura |
| 520 | |a Rodinné podnikanie je častý spôsob podnikania vo vyspelých štátoch. Spoločné podnikateľské aktivity osôb, ktoré sú v rodinnom vzťahu. Rozdiely a vlastnosti rodinného podnikania endogénneho a exogénneho charakteru. Zhodnotenie pozície rodinného podnikania na Slovensku a v Maďarsku. | ||
| 610 | 2 | 0 | |a Slovensko |
| 610 | 2 | 0 | |a Maďarsko |
| 610 | 2 | 0 | |a prostredie podnikateľské |
| 610 | 2 | 0 | |a podnikanie |
| 610 | 2 | 0 | |a podnikatelia |
| 610 | 2 | 0 | |a podnikanie rodinné |
| 610 | 2 | 0 | |a podnik spoločný |
| 610 | 2 | 0 | |a podnik rodinný |
| 610 | 2 | 0 | |a vzťahy vlastnícke |
| 610 | 2 | 0 | |a odvetvia priemyselné |
| 100 | 1 | |a Mura, Ladislav | |